Managerial accounting

Na minha lista:
Detalhes bibliográficos
Principais autores: Fess, Philip E (Autor), Warren, Carl S (Autor)
Formato: Livro
Idioma:inglês
Publicado em: Cincinnati South-Western 1985
Assuntos:
Tags: Adicionar Tag
Sem tags, seja o primeiro a adicionar uma tag!

MARC

LEADER 00000nam a2200000 a 4500
001 UCR9802
003 CL-VaPUC
008 980619e19850000US |||||||||||||||||eng|d
082 0 4 |a 658.151  |b FES  |2 21 
100 0 |a Fess, Philip E  |e author  |9 412717 
700 0 |a Warren, Carl S  |e author  |9 412718 
245 1 0 |a Managerial accounting 
300 |a 587 p 
942 |c BK 
945 |d 19980619 00:00:00  |a cmena 
260 |a Cincinnati  |b South-Western  |c 1985 
650 0 |a Contabilidad   |9 261430 
650 0 |a Administración financiera  |9 261146 
650 0 |a Estados de cuentas  |9 352305 
650 0 |a Contabilidad de costos   |9 260564 
650 0 |a Costos   |9 261063 
650 7 |a PLANIFICACION Y CONTROL  |2 CL-VaPUC  |9 412719 
650 0 |a Control presupuestario  |9 345693 
650 0 |a Auditoría  |9 307008 
650 0 |a Toma de decisiones   |9 257530 
650 0 |a Precios   |9 260787 
583 |a last modification  |c 19980619 00:00:00  |k Rodrigo Vera 
999 |c 270978  |d 270976 
952 |0 0  |1 0  |4 0  |6 658_151000000000000_FES_1985  |7 0  |8 P  |9 305445  |a BIBGIM  |b BIBGIM  |d 2019-11-20  |i 142064K  |o 658.151 FES 1985  |p 142064K  |r 2025-01-15  |w 2019-11-20  |y BK  |k COM